[Event "Antwerp World Uni op (Women)"]
[Site "Antwerp"]
[Date "2022.09.17"]
[Round "9"]
[White "Weis, Olga"]
[Black "Nabacwa, Allen Kyolaba"]
[Result "1-0"]
[WhiteElo "2039"]
[BlackElo "1454"]
[PlyCount "125"]
[EventDate "2022.09.12"]
[EventType "swiss"]
[EventRounds "9"]
[EventCountry "BEL"]
[SourceTitle "CBM 210 Extra"]
[Source "ChessBase"]
[SourceDate "2022.11.30"]
[SourceVersion "1"]
[SourceVersionDate "2022.11.30"]
[SourceQuality "1"]

1. d4 f5 2. c4 Nf6 3. Nc3 c6 4. e3 d5 5. Bd3 e6 6. Nge2 Bd6 7. f3 0-0 8. 0-0 Nbd7 9. Bd2 Qe8 10. cxd5 Qh5 11. Ng3 Bxg3 12. hxg3 exd5 13. Ne2 Re8 14. Qc2 Nf8 15. b4 Bd7 16. a4 Rac8 17. Kf2 Qf7 18. Bxf5 Bxf5 19. Qxf5 b6 20. Kg1 Ng6 21. Rac1 Qe6 22. Qxe6+ Rxe6 23. g4 h6 24. g3 a6 25. Rc2 b5 26. axb5 axb5 27. Ra1 Nd7 28. Ra6 Ne7 29. Kg2 g5 30. Nc3 Nb8 31. Ra7 Rd8 32. Rca2 Nc8 33. Rc7 Re7 34. Rxe7 Nxe7 35. e4 Nd7 36. e5 Nb6 37. f4 Nc4 38. Bc1 Nc8 39. fxg5 hxg5 40. Bxg5 Rd7 41. Ra8 N4b6 42. Rb8 Ra7 43. Bd8 Ra8 44. Rxb6 Nxb6 45. Bxb6 Ra3 46. Nd1 Kf7 47. Nf2 Ke6 48. Nh3 Kf7 49. Nf4 Ra2+ 50. Kh3 Rc2 51. g5 Rc1 52. Kg4 Kg7 53. Kf5 Rc3 54. Bc5 Kf7 55. g4 Re3 56. g6+ Kg7 57. e6 Re1 58. e7 Kg8 59. Ne6 Rxe6 60. Kxe6 Kg7 61. e8Q Kh6 62. Be7 Kg7 63. Qf7+ 1-0

[Event "Antwerp World Uni blitz op (Women)"]
[Site "Antwerp"]
[Date "2022.09.14"]
[Round "8"]
[White "Nabacwa, Allen Kyolaba"]
[Black "Djidjeli, Sarah"]
[Result "0-1"]
[WhiteElo "1516"]
[BlackElo "1910"]
[PlyCount "70"]
[EventDate "2022.09.14"]
[EventType "swiss (blitz)"]
[EventRounds "9"]
[EventCountry "BEL"]
[SourceTitle "CBM 210 Extra"]
[Source "ChessBase"]
[SourceDate "2022.11.30"]
[SourceVersion "1"]
[SourceVersionDate "2022.11.30"]
[SourceQuality "1"]

1. Nf3 Nf6 2. g3 d5 3. Bg2 Nc6 4. d3 e5 5. Nbd2 Bc5 6. 0-0 0-0 7. Re1 Bxf2+ 8. Kxf2 Ng4+ 9. Kg1 Ne3 10. Nf1 Nxd1 11. Rxd1 Qe7 12. c3 e4 13. Ng5 Bg4 14. Re1 exd3 15. Bxd5 dxe2 16. Ne3 Qxg5 17. Bg2 Qc5 18. Kh1 Qh5 19. Nc4 Rad8 20. Bf4 Rd1 21. Ne3 Rxa1 22. Rxa1 Re8 23. Re1 g5 24. Bxc7 Rxe3 25. Bd6 Rd3 26. Bc5 Rd1 27. Bf2 Rxe1+ 28. Bxe1 Bf3 29. Kg1 Bxg2 30. Kxg2 Qg4 31. h3 Qe4+ 32. Kf2 Ne5 33. Bd2 Qf3+ 34. Kg1 Qf1+ 35. Kh2 Nf3# 0-1

[Event "Antwerp World Uni blitz op (Women)"]
[Site "Antwerp"]
[Date "2022.09.14"]
[Round "5"]
[White "Nabacwa, Allen Kyolaba"]
[Black "Du Plessis, Anika"]
[Result "0-1"]
[WhiteElo "1516"]
[BlackElo "1586"]
[PlyCount "150"]
[EventDate "2022.09.14"]
[EventType "swiss (blitz)"]
[EventRounds "9"]
[EventCountry "BEL"]
[SourceTitle "CBM 210 Extra"]
[Source "ChessBase"]
[SourceDate "2022.11.30"]
[SourceVersion "1"]
[SourceVersionDate "2022.11.30"]
[SourceQuality "1"]

1. Nf3 d5 2. g3 Nf6 3. Bg2 g6 4. d3 Bg7 5. 0-0 0-0 6. Re1 c5 7. c3 Nc6 8. Nbd2 Rb8 9. e4 dxe4 10. dxe4 Bg4 11. h3 Be6 12. b3 Nd7 13. Bb2 Nde5 14. Qc2 Nd3 15. Red1 Nxb2 16. Qxb2 Qc8 17. Rac1 Bxh3 18. Bxh3 Qxh3 19. Nf1 Rbd8 20. Rxd8 Rxd8 21. Qe2 Qg4 22. N1h2 Qd7 23. Kg2 Qd3 24. Qxd3 Rxd3 25. c4 Nd4 26. e5 Ne2 27. Rc2 Nd4 28. Rd2 Rxd2 29. Nxd2 Bxe5 30. Ne4 Ne6 31. Nf3 Bb2 32. Nfd2 b6 33. f4 Nd4 34. a4 f5 35. Nf2 Bc3 36. Nb1 Be1 37. Nd3 Ba5 38. Na3 Nxb3 39. Nb5 Nd2 40. Ne5 a6 41. Nc7 Ne4 42. Nd5 Kf8 43. Nd7+ Ke8 44. N7xb6 Nd6 45. Kf3 Kd8 46. g4 fxg4+ 47. Kxg4 Bd2 48. a5 Ne4 49. Na4 Bb4 50. Ne3 Nf6+ 51. Kg5 Ne4+ 52. Kh6 Nd6 53. Kxh7 Bd2 54. Nd5 e6 55. Nf6 Bxf4 56. Nxc5 Nxc4 57. Nxa6 Nxa5 58. Ne4 g5 59. Nac5 Nc4 60. Nxe6+ Ke7 61. Nxf4 gxf4 62. Kg6 Ke6 63. Kg5 Ke5 64. Nf2 Ne3 65. Kh4 Kd4 66. Kh3 Nd5 67. Kg4 Ke3 68. Nh3 f3 69. Kg3 Nf6 70. Ng1 Ne4+ 71. Kh2 f2 72. Kg2 Nd2 73. Nh3 f1Q+ 74. Kg3 Qf3+ 75. Kh2 Nf1+ 0-1

[Event "Antwerp World Uni blitz op (Women)"]
[Site "Antwerp"]
[Date "2022.09.14"]
[Round "1"]
[White "Nabacwa, Allen Kyolaba"]
[Black "Dwilewicz, Katarzyna"]
[Result "0-1"]
[WhiteElo "1516"]
[BlackElo "1907"]
[PlyCount "142"]
[EventDate "2022.09.14"]
[EventType "swiss (blitz)"]
[EventRounds "9"]
[EventCountry "BEL"]
[SourceTitle "CBM 210 Extra"]
[Source "ChessBase"]
[SourceDate "2022.11.30"]
[SourceVersion "1"]
[SourceVersionDate "2022.11.30"]
[SourceQuality "1"]

1. e4 c5 2. Nf3 a6 3. g3 Nc6 4. Bg2 d6 5. d3 Nf6 6. 0-0 g6 7. Nbd2 Bg7 8. h3 0-0 9. Nh2 b5 10. Ndf3 Bb7 11. Re1 Qc7 12. c3 e5 13. h4 Rad8 14. Kh1 d5 15. Qe2 dxe4 16. dxe4 Na5 17. Be3 Nxe4 18. Nd2 Nxd2 19. Bxd2 Nc4 20. Be3 Nxe3 21. fxe3 Bxg2+ 22. Kxg2 Qc6+ 23. Kh3 Qe4 24. Rad1 c4 25. Ng4 f5 26. Nf2 Qc6 27. e4 Rxd1 28. Rxd1 f4 29. Ng4 h5 30. Nf2 Qe6+ 31. Kh2 fxg3+ 32. Kxg3 Bh6 33. Nh3 Bf4+ 34. Kg2 Qf6 35. Rf1 Qxh4 36. Rf3 Qg4+ 37. Kf1 Kh7 38. Nf2 Qd7 39. Qd1 Qxd1+ 40. Nxd1 Bh6 41. Rxf8 Bxf8 42. Kg2 Bc5 43. Kf3 g5 44. b3 cxb3 45. axb3 Kg6 46. Kg3 g4 47. Kh4 Be7+ 48. Kg3 Kg5 49. Ne3 h4+ 50. Kg2 Bc5 51. Nf5 g3 52. Kh3 a5 53. Nxh4 Bf2 54. Nf3+ Kf4 55. Nd2 Ke3 56. Nf1+ Kxe4 57. Nxg3+ Bxg3 58. Kxg3 Kd3 59. Kf3 e4+ 60. Kf2 Kxc3 61. Ke3 Kxb3 62. Kxe4 a4 63. Kd4 a3 64. Kc5 a2 65. Kxb5 a1Q 66. Kb6 Qe5 67. Kc6 Kc4 68. Kd7 Kc5 69. Kd8 Qg7 70. Ke8 Kd6 71. Kd8 Qd7# 0-1

[Event "Antwerp World Uni op (Women)"]
[Site "Antwerp"]
[Date "2022.09.12"]
[Round "1"]
[White "Nabacwa, Allen Kyolaba"]
[Black "Nemcova, Karin"]
[Result "0-1"]
[WhiteElo "1454"]
[BlackElo "2091"]
[PlyCount "100"]
[EventDate "2022.09.12"]
[EventType "swiss"]
[EventRounds "9"]
[EventCountry "BEL"]
[SourceTitle "CBM 210 Extra"]
[Source "ChessBase"]
[SourceDate "2022.11.30"]
[SourceVersion "1"]
[SourceVersionDate "2022.11.30"]
[SourceQuality "1"]

1. e4 c5 2. Nf3 d6 3. Nc3 Nf6 4. Bc4 Nc6 5. b3 Bg4 6. Bb2 e6 7. h3 Bh5 8. Qe2 Nd4 9. Qd3 Bxf3 10. gxf3 a6 11. a4 Be7 12. Ne2 d5 13. Nxd4 dxc4 14. Nxe6 cxd3 15. Nxd8 Rxd8 16. c4 Rg8 17. Bc3 g5 18. 0-0-0 Nh5 19. Rde1 Nf4 20. Kb2 Rg6 21. Be5 Bf6 22. Bxf6 Rxf6 23. h4 gxh4 24. e5 Rh6 25. Re4 Rd4 26. a5 Rxe4 27. fxe4 h3 28. Kc3 Re6 29. f3 Rxe5 30. Rh2 Rg5 31. Rf2 Rg2 32. Rf1 h2 33. Rh1 Ne2+ 34. Kxd3 Ng3 35. Rb1 h1Q 36. Rxh1 Nxh1 37. Ke3 h5 38. e5 h4 39. d4 cxd4+ 40. Kxd4 h3 41. Kc5 Rg6 42. b4 Nf2 43. b5 h2 44. f4 Nd3+ 45. Kd4 Nxf4 46. Ke4 h1Q+ 47. Kxf4 Qf1+ 48. Ke3 Qxc4 49. b6 Rg3+ 50. Kf2 Ra3 0-1

[Event "UGA-ch op"]
[Site "Kampala"]
[Date "2022.02.17"]
[Round "1"]
[White "Lamarque, Hugh"]
[Black "Nabacwa, Allen Kyolaba"]
[Result "1-0"]
[WhiteElo "1870"]
[BlackElo "1449"]
[PlyCount "103"]
[EventDate "2022.02.17"]
[EventType "swiss"]
[EventRounds "8"]
[EventCountry "UGA"]
[SourceTitle "EXT 2023"]
[Source "ChessBase"]
[SourceDate "2022.10.05"]
[SourceVersion "1"]
[SourceVersionDate "2022.10.05"]
[SourceQuality "1"]

1. e4 c5 2. Nc3 Nc6 3. Bb5 Nd4 4. Nf3 a6 5. Bd3 e6 6. 0-0 Be7 7. b3 Nf6 8. e5 Nd5 9. Nxd5 exd5 10. Nxd4 cxd4 11. Bb2 Bc5 12. Qg4 0-0 13. Bxd4 d6 14. e6 Bxd4 15. exf7+ Rxf7 16. Qxd4 b5 17. Qxd5 Bb7 18. Bxh7+ Kf8 19. Qh5 Rf6 20. Bg6 Ke7 21. Rae1+ Kd7 22. Qh3+ Kc7 23. Qc3+ Kb6 24. Qd4+ Kc7 25. Be4 Qd7 26. Bxb7 Kxb7 27. Qe4+ Ka7 28. Qe7 Rd8 29. Re2 Rf7 30. Qxd7+ Rdxd7 31. Rfe1 Kb6 32. g3 Rc7 33. c3 a5 34. Re6 Kc6 35. Rg6 Rcd7 36. f4 b4 37. c4 Kc5 38. Rg5+ Kb6 39. Rb5+ Ka6 40. Re8 Ra7 41. Re6 Rf6 42. Rxf6 gxf6 43. Rd5 Rd7 44. c5 Kb5 45. cxd6+ Kb6 46. Kf2 Kc6 47. Rd3 Kb5 48. Kf3 Kc5 49. Ke4 Rxd6 50. Rxd6 Kxd6 51. f5 Kc5 52. h4 1-0

[Event "Kampala Kantinti Zabasajja Memorial"]
[Site "Kampala"]
[Date "2022.02.02"]
[Round "8"]
[White "Ampaire, Shakira"]
[Black "Nabacwa, Allen Kyolaba"]
[Result "0-1"]
[WhiteElo "1661"]
[BlackElo "1413"]
[PlyCount "58"]
[EventDate "2022.01.30"]
[EventType "swiss"]
[EventRounds "8"]
[EventCountry "UGA"]
[SourceTitle "EXT 2023"]
[Source "ChessBase"]
[SourceDate "2022.10.05"]
[SourceVersion "1"]
[SourceVersionDate "2022.10.05"]
[SourceQuality "1"]

1. e4 c5 2. Nc3 Nc6 3. Nf3 e5 4. Bc4 Be7 5. 0-0 Nf6 6. d3 0-0 7. Bg5 d6 8. Bxf6 Bxf6 9. a3 Ne7 10. Nd5 Ng6 11. b4 b6 12. Rb1 Bg4 13. h3 Be6 14. Kh2 Bxd5 15. Bxd5 Rb8 16. b5 Nf4 17. Bc6 d5 18. g3 dxe4 19. gxf4 exf3 20. Qxf3 exf4 21. Qxf4 Rc8 22. Rbe1 Rc7 23. Rg1 Kh8 24. Re4 Re7 25. Rge1 Rxe4 26. Qxe4 g6 27. Qe8 Qd6+ 28. Kg2 Rxe8 29. Rxe8+ Kg7 0-1

[Event "FIDE World Uni Blitz-A 1st"]
[Site "Tornelo INT"]
[Date "2021.03.13"]
[Round "6.47"]
[White "Grataloup, Quentin"]
[Black "Nabacwa, Allen Kyolaba"]
[Result "1-0"]
[WhiteElo "1933"]
[BlackElo "1413"]
[PlyCount "75"]
[EventDate "2021.03.13"]
[EventType "swiss (blitz)"]
[EventRounds "10"]
[EventCountry "NET"]
[SourceTitle "EXT 2022"]
[Source "ChessBase"]
[SourceDate "2021.10.06"]
[SourceVersion "1"]
[SourceVersionDate "2021.10.06"]
[SourceQuality "1"]

1. e4 e5 2. Nf3 Nc6 3. Bc4 Nf6 4. d4 exd4 5. 0-0 Be7 6. Re1 0-0 7. e5 Ne8 8. Nxd4 d5 9. Nxc6 bxc6 10. Bd3 Bb7 11. Qh5 g6 12. Qh3 Ng7 13. Bh6 Bg5 14. Nd2 Qe7 15. Nf3 Bc8 16. Bxg5 Qxg5 17. Nxg5 Bxh3 18. Nxh3 Rab8 19. b3 Nf5 20. Bxf5 gxf5 21. Nf4 Kh8 22. e6 fxe6 23. Rxe6 Rf7 24. Rae1 Kg7 25. Rxc6 Rb4 26. g3 d4 27. Rxc7 Rb6 28. Rxf7+ Kxf7 29. Nd3 Rc6 30. Ne5+ Kf6 31. Nxc6 a5 32. Nxd4 h6 33. Re6+ Kg5 34. f4+ Kg4 35. Kg2 Kh5 36. Nxf5 a4 37. h3 axb3 38. g4# 1-0